Abdelhalim Ibrahim Abdelhalim : (Record no. 30168)

MARC details
000 -LEADER
fixed length control field 01293nam a22003731i 4500
001 - CONTROL NUMBER
control field 14915260
003 - CONTROL NUMBER IDENTIFIER
control field EG-ScBUE
005 - DATE AND TIME OF LATEST TRANSACTION
control field 20230301040125.0
008 - FIXED-LENGTH DATA ELEMENTS--GENERAL INFORMATION
fixed length control field 200121s2020 ua ae f b 001 0 eng d
020 ## - INTERNATIONAL STANDARD BOOK NUMBER
International Standard Book Number 9789774168901
020 ## - INTERNATIONAL STANDARD BOOK NUMBER
International Standard Book Number 9774168909
035 ## - SYSTEM CONTROL NUMBER
System control number (NhCcYBP)om281597073
035 ## - SYSTEM CONTROL NUMBER
System control number 14915260
040 ## - CATALOGING SOURCE
Original cataloging agency NhCcYBP
Language of cataloging eng
Description conventions rda
Transcribing agency NhCcYBP
Modifying agency EG-ScBUE
043 ## - GEOGRAPHIC AREA CODE
Geographic area code f-ua---
082 04 - DEWEY DECIMAL CLASSIFICATION NUMBER
Edition number 22
Classification number 720.92
Item number STE
100 1# - MAIN ENTRY--PERSONAL NAME
Personal name Steele, James,
Dates associated with a name 1943-
Relator term author.
245 10 - TITLE STATEMENT
Title Abdelhalim Ibrahim Abdelhalim :
Remainder of title an architecture of collective memory /
Statement of responsibility, etc James Steele.
264 #1 - PUBLICATION, DISTRIBUTION, ETC. (IMPRINT)
Place of publication, distribution, etc Cairo ;
-- New York :
Name of publisher, distributor, etc The American University in Cairo Press,
Date of publication, distribution, etc 2020.
300 ## - PHYSICAL DESCRIPTION
Extent vii, 194 pages :
Other physical details illustrations (chiefly color), plans (chiefly color) ;
Dimensions 29 cm
336 ## - CONTENT TYPE
Content type term text
Content type code txt
Source rdacontent
336 ## - CONTENT TYPE
Content type term still image
Content type code sti
Source rdacontent
337 ## - MEDIA TYPE
Media type term unmediated
Media type code n
Source rdamedia
338 ## - CARRIER TYPE
Carrier type term volume
Carrier type code nc
Source rdacarrier
504 ## - BIBLIOGRAPHY, ETC. NOTE
Bibliography, etc Includes bibliographical references and index.<br/>
600 17 - SUBJECT ADDED ENTRY--PERSONAL NAME
Personal name Abdelhalim, Abdelhalim Ibrahim
General subdivision Criticism and interpretation.
Source of heading or term BUEsh
650 #7 - SUBJECT ADDED ENTRY--TOPICAL TERM
Source of heading or term BUEsh
Topical term or geographic name as entry element Architects
Geographic subdivision Egypt
Chronological subdivision 20th century
Form subdivision Biography.
653 ## - INDEX TERM--UNCONTROLLED
Resource For college Engineering, Architecture
Arrived date list March2023
655 ## - INDEX TERM--GENRE/FORM
Form subdivision Reading book
942 ## - ADDED ENTRY ELEMENTS (KOHA)
Source of classification or shelving scheme Dewey Decimal Classification
Koha item type Book - Borrowing
960 ## - PHYSICAL LOCATION (RLIN)
Physical location, PLOC (RLIN) 39002134777714
987 ## - LOCAL ROMANIZATION/CONVERSION HISTORY (OCLC)
Date of conversion or review ON ORDER
Holdings
Withdrawn status Lost status Source of classification or shelving scheme Damaged status Not for loan Collection code Home library Current library Shelving location Date acquired Source of acquisition Cost, normal purchase price Serial Enumeration / chronology Total Checkouts Full call number Barcode Date last seen Cost, replacement price Price effective from Koha item type
    Dewey Decimal Classification     Baccah Central Library Central Library Second Floor 01/03/2023 Purchase 1100.00 37179   720.92 STE 000044799 15/07/2025 1375.00 01/03/2023 Book - Borrowing